[Event "Styrian op U14/18 28th"]
[Site "Mureck"]
[Date "2022.08.10"]
[Round "8"]
[White "Markus, Molli Amina"]
[Black "Stadlbauer, Maximilian"]
[Result "1/2-1/2"]
[WhiteElo "1879"]
[BlackElo "1385"]
[PlyCount "62"]
[EventDate "2022.08.03"]
[EventType "swiss"]
[EventRounds "9"]
[EventCountry "AUT"]
[SourceTitle "EXT 2023"]
[Source "ChessBase"]
[SourceDate "2022.10.05"]
[SourceVersion "1"]
[SourceVersionDate "2022.10.05"]
[SourceQuality "1"]

1. Nf3 d5 2. c4 e6 3. g3 Nf6 4. Bg2 Nbd7 5. 0-0 Bd6 6. d4 c6 7. Nbd2 0-0 8. Qc2 Re8 9. e4 dxe4 10. Nxe4 Nxe4 11. Qxe4 Nf6 12. Qc2 c5 13. dxc5 Bxc5 14. Bg5 Be7 15. Rad1 Qa5 16. Bd2 Qb6 17. Bc3 Rd8 18. Rxd8+ Qxd8 19. Rd1 Qc7 20. Be5 Qc5 21. a3 a5 22. Bd4 Qc7 23. a4 Bd7 24. b3 Bc6 25. Be5 Qb6 26. Ng5 g6 27. c5 Qb4 28. Bxc6 bxc6 29. Bd6 Qb7 30. Bxe7 Qxe7 31. Nf3 Nd5 1/2-1/2

[Event "HUN-chT U18"]
[Site "Budapest"]
[Date "2021.10.25"]
[Round "3.23"]
[White "Markus, Molli Amina"]
[Black "Somogyi, Barbara"]
[Result "1-0"]
[WhiteElo "1798"]
[BlackElo "1736"]
[PlyCount "117"]
[EventDate "2021.10.24"]
[EventType "team-tourn"]
[EventRounds "7"]
[EventCountry "HUN"]
[SourceTitle "CBM 205 Extra"]
[Source "ChessBase"]
[SourceDate "2022.01.31"]
[SourceVersion "1"]
[SourceVersionDate "2022.01.31"]
[SourceQuality "1"]

1. Nf3 d5 2. c4 e6 3. g3 Nf6 4. Bg2 c6 5. b3 Nbd7 6. 0-0 Bd6 7. Bb2 0-0 8. d4 b6 9. Nc3 Bb7 10. Re1 Rb8 11. e4 dxe4 12. Nxe4 Nxe4 13. Rxe4 Nf6 14. Re2 Qc7 15. Qc2 Rbd8 16. Ng5 h6 17. Ne4 Be7 18. Nxf6+ Bxf6 19. Rd1 Rd7 20. Red2 Rfd8 21. Bc3 Ba8 22. b4 Be7 23. Qb2 Bf8 24. a3 Bb7 25. f4 b5 26. c5 Bc8 27. Rf1 Re7 28. Qc2 Rde8 29. Qe4 Bd7 30. Qf3 a6 31. g4 f6 32. h4 Rf7 33. Qd3 f5 34. g5 h5 35. g6 Rf6 36. Qg3 Qd8 37. d5 exd5 38. Bxf6 Qxf6 39. Kh1 Re6 40. Rg1 Qxg6 41. Bxd5 Qxg3 42. Bxe6+ Bxe6 43. Rxg3 Bd5+ 44. Kg1 Kf7 45. Re3 g6 46. Kf2 Be7 47. Kg3 Bf6 48. Re5 Bxe5 49. fxe5 Ke6 50. Kf4 Ke7 51. Rd1 Ke6 52. Rg1 Kf7 53. Kg5 Kg7 54. Rd1 Bf7 55. Rd7 Kf8 56. Ra7 Be8 57. e6 Kg8 58. Rxa6 Kf8 59. Ra7 1-0

[Event "HUN-ch U14"]
[Site "Eger"]
[Date "2021.08.27"]
[Round "7"]
[White "Harkai, Emma"]
[Black "Markus, Molli Amina"]
[Result "0-1"]
[WhiteElo "1670"]
[BlackElo "1800"]
[PlyCount "54"]
[EventDate "2021.08.20"]
[EventType "swiss"]
[EventRounds "7"]
[EventCountry "HUN"]
[SourceTitle "EXT 2022"]
[Source "ChessBase"]
[SourceDate "2021.10.06"]
[SourceVersion "1"]
[SourceVersionDate "2021.10.06"]
[SourceQuality "1"]

1. e4 c5 2. Nf3 Nc6 3. g3 g6 4. Bg2 Bg7 5. 0-0 d6 6. Re1 Nf6 7. c3 0-0 8. d4 Bg4 9. h3 Bxf3 10. Bxf3 Qb6 11. d5 Ne5 12. Bg2 c4 13. Bf1 Rac8 14. Na3 Nfd7 15. Kg2 Qa6 16. f4 Nd3 17. Bxd3 cxd3 18. Nb1 Nc5 19. Nd2 Na4 20. Nb1 Nc5 21. Re3 e6 22. dxe6 fxe6 23. a4 Qc6 24. b4 Nxe4 25. Rxd3 Nxc3+ 26. Qf3 Ne2 27. Qxc6 Rxc6 0-1

[Event "HUN--chT U12"]
[Site "Budapest"]
[Date "2019.10.27"]
[Round "3.1"]
[White "Turcsanyi, Vince Gergo"]
[Black "Markus, Molli Amina"]
[Result "1/2-1/2"]
[WhiteElo "1810"]
[BlackElo "1614"]
[PlyCount "108"]
[EventDate "2019.10.26"]
[EventType "team-swiss"]
[EventRounds "7"]
[EventCountry "HUN"]
[SourceTitle "CBM 192 Extra"]
[Source "Chessbase"]
[SourceDate "2019.11.06"]
[SourceVersion "1"]
[SourceVersionDate "2019.11.06"]
[SourceQuality "1"]
[WhiteTeam "DVTK"]
[BlackTeam "Szeged Maroczy"]
[WhiteTeamCountry "HUN"]
[BlackTeamCountry "HUN"]

1. e4 e6 2. Qe2 d5 3. exd5 Qxd5 4. Nc3 Qd8 5. g3 Nf6 6. Bg2 Be7 7. Nf3 0-0 8. 0-0 c5 9. d3 Nc6 10. Rd1 a6 11. a4 Qc7 12. Be3 Rb8 13. d4 cxd4 14. Nxd4 Nxd4 15. Bxd4 Ra8 16. Be5 Qc5 17. Rab1 Nd7 18. Bd4 Qc7 19. Nd5 exd5 20. Qxe7 Qxc2 21. Qg5 Qg6 22. Qxg6 hxg6 23. Bxd5 Nf6 24. Bxf6 gxf6 25. Rbc1 Rb8 26. Rc7 b6 27. Re1 Bh3 28. Ree7 Rbd8 29. Rxf7 Rxf7 30. Bxf7+ Kh8 31. Rc1 Kg7 32. Bb3 Rd2 33. Bc2 a5 34. b3 Be6 35. Kf1 Rd5 36. Rd1 Rc5 37. Rd2 Rc3 38. Kg2 Bxb3 39. Bxb3 Rxb3 40. Ra2 Kf7 41. h4 Ke6 42. g4 Ke5 43. f3 Kf4 44. Rc2 Rb4 45. Ra2 Ke5 46. Kg3 f5 47. h5 gxh5 48. gxh5 Kf6 49. Rh2 Kg7 50. Rd2 Kh6 51. Rd5 Kxh5 52. Rxf5+ Kg6 53. Rd5 Rxa4 54. Rd6+ Kf5 1/2-1/2

[Event "EU-ch U12 Girls"]
[Site "Bratislava"]
[Date "2019.08.07"]
[Round "6"]
[White "Kalamoukou, Giolanta"]
[Black "Markus, Molli Amina"]
[Result "1/2-1/2"]
[WhiteElo "1346"]
[BlackElo "1748"]
[PlyCount "120"]
[EventDate "2019.08.02"]
[EventType "swiss"]
[EventRounds "9"]
[EventCountry "SVK"]
[SourceTitle "EXT 2020"]
[Source "ChessBase"]
[SourceDate "2019.10.17"]
[SourceVersion "1"]
[SourceVersionDate "2019.10.17"]
[SourceQuality "1"]

1. d4 d5 2. c4 e6 3. Nc3 Nf6 4. cxd5 Nxd5 5. e4 Nxc3 6. bxc3 c5 7. Rb1 cxd4 8. cxd4 Nc6 9. Bb5 Bd7 10. Nf3 Bb4+ 11. Bd2 Bxd2+ 12. Qxd2 a6 13. Bd3 Bc8 14. Qc3 0-0 15. 0-0 Qd6 16. Rfd1 Ne7 17. Rdc1 Rd8 18. Qc5 Nc6 19. Qxd6 Rxd6 20. Rc4 b5 21. Rc5 Nxd4 22. Nxd4 Rxd4 23. Bf1 Bb7 24. f3 g6 25. Rc7 Rb8 26. Bxb5 Bxe4 27. fxe4 axb5 28. Rf1 Rf8 29. Rb7 Rxe4 30. Rxb5 Ra4 31. Rf2 Rfa8 32. Rb7 Rf8 33. h3 f5 34. Re2 Rf7 35. Rb6 Re7 36. Rbxe6 Rxe6 37. Rxe6 Rxa2 38. Re7 Ra6 39. Kf2 Rf6 40. Kf3 Rf7 41. Re8+ Kg7 42. Kf4 h6 43. h4 Kf6 44. Rg8 Re7 45. Rf8+ Kg7 46. Rc8 Re4+ 47. Kg3 g5 48. hxg5 hxg5 49. Rc6 Re3+ 50. Kf2 f4 51. Rd6 Kf7 52. Rc6 Re6 53. Rxe6 Kxe6 54. g3 Kf5 55. Kg2 fxg3 56. Kxg3 g4 57. Kg2 Kf4 58. Kf2 g3+ 59. Kg2 Kg4 60. Kg1 Kf3 1/2-1/2

[Event "HUN-ch U12 Girls"]
[Site "Balatonlelle"]
[Date "2019.06.26"]
[Round "6"]
[White "Markus, Molli Amina"]
[Black "Suli, Henrietta"]
[Result "1-0"]
[WhiteElo "1755"]
[BlackElo "1107"]
[PlyCount "81"]
[EventDate "2019.06.22"]
[EventType "swiss"]
[EventRounds "7"]
[EventCountry "HUN"]
[SourceTitle "CBM 191 Extra"]
[Source "ChessBase"]
[SourceDate "2019.09.30"]
[SourceVersion "1"]
[SourceVersionDate "2019.09.30"]
[SourceQuality "1"]

1. c4 c5 2. Nc3 Nc6 3. g3 g6 4. Bg2 Bg7 5. Nf3 e5 6. d3 Nge7 7. 0-0 0-0 8. Bd2 d6 9. Qc1 Be6 10. Bh6 Bxh6 11. Qxh6 Nf5 12. Qd2 d5 13. cxd5 Bxd5 14. Nxd5 Qxd5 15. e4 Qe6 16. exf5 Qxf5 17. Qc3 Nb4 18. Qxc5 Nxd3 19. Qb5 a6 20. Qb3 Nc5 21. Qe3 e4 22. Nd2 Rfe8 23. Nc4 Rad8 24. Rad1 Nd3 25. b3 h5 26. h4 f6 27. Qe2 b5 28. Ne3 Qe5 29. f4 exf3 30. Rxf3 f5 31. Rxd3 Qa1+ 32. Kh2 Rc8 33. Qd2 Rc1 34. Rd6 Rec8 35. Rxg6+ Kh7 36. Qd6 Rb1 37. Rh6+ Kg8 38. Qe6+ Kg7 39. Nxf5+ Kf8 40. Nd4+ Kg7 41. Qg6# 1-0

[Event "HUN-chT2 Maroczy 1819"]
[Site "Hungary"]
[Date "2019.04.28"]
[Round "11.8"]
[White "Markus, Molli Amina"]
[Black "Fekete, Albert"]
[Result "1-0"]
[WhiteElo "1725"]
[BlackElo "2194"]
[PlyCount "87"]
[EventDate "2018.09.23"]
[EventType "team-tourn"]
[EventRounds "11"]
[EventCountry "HUN"]
[SourceTitle "EXT 2021"]
[Source "ChessBase"]
[SourceDate "2020.10.23"]
[SourceVersion "1"]
[SourceVersionDate "2020.10.23"]
[SourceQuality "1"]
[WhiteTeam "Szeged Maroczy II"]
[BlackTeam "Kisujszallas"]
[WhiteTeamCountry "HUN"]
[BlackTeamCountry "HUN"]

1. c4 e5 2. Nc3 d6 3. g3 g6 4. Bg2 Bg7 5. Nf3 c5 6. 0-0 Nc6 7. d3 Nge7 8. Bd2 h6 9. Qc1 Be6 10. a3 Qd7 11. Rb1 a5 12. Nb5 f5 13. h4 Kf7 14. b4 axb4 15. axb4 Nxb4 16. Bxb4 cxb4 17. Rxb4 Nc6 18. Rb1 Bf6 19. Rd1 Ra4 20. Nc3 Ra5 21. Rd2 Kg7 22. Rdb2 Rb8 23. Nd2 g5 24. Rb6 Nd8 25. Qb2 gxh4 26. Qb4 Rc5 27. Na4 hxg3 28. Nxc5 gxf2+ 29. Kf1 dxc5 30. Qxc5 e4 31. Qxf2 Bg5 32. Nb3 exd3 33. Nc5 Qf7 34. Nxe6+ Nxe6 35. exd3 Re8 36. Rxb7 Re7 37. Rxe7 Bxe7 38. Bd5 Qf6 39. Rb6 Qa1+ 40. Kg2 Ng5 41. Qxf5 Qa2+ 42. Kg3 Qa7 43. Qg6+ Kh8 44. Qg8# 1-0

[Event "HUN-chT2 Toth 1819"]
[Site "Hungary"]
[Date "2019.03.10"]
[Round "9.9"]
[White "Fekete, Alex"]
[Black "Markus, Molli Amina"]
[Result "1/2-1/2"]
[WhiteElo "1741"]
[BlackElo "1614"]
[PlyCount "68"]
[EventDate "2018.09.23"]
[EventType "team-tourn"]
[EventRounds "11"]
[EventCountry "HUN"]
[SourceTitle "EXT 2021"]
[Source "ChessBase"]
[SourceDate "2020.10.23"]
[SourceVersion "1"]
[SourceVersionDate "2020.10.23"]
[SourceQuality "1"]
[WhiteTeam "Kecskemet Toth Laszlo II"]
[BlackTeam "Szeged Maroczy III"]
[WhiteTeamCountry "HUN"]
[BlackTeamCountry "HUN"]

1. d4 d5 2. g3 Nf6 3. Bg2 e6 4. Nf3 c5 5. e3 Nc6 6. 0-0 cxd4 7. exd4 Be7 8. c3 0-0 9. Be3 b5 10. Nbd2 a5 11. Qc2 Ba6 12. Rfc1 Rc8 13. Bf1 Qb6 14. a3 Nb8 15. Ne5 Qb7 16. Qb3 a4 17. Qd1 Nc6 18. Nxc6 Rxc6 19. Bg5 Rfc8 20. Bxf6 Bxf6 21. Nf3 Qc7 22. Qd2 h6 23. Re1 Qd8 24. Bd3 h5 25. h4 g6 26. Qe2 Rb8 27. Qd2 Bg7 28. Rad1 Qf8 29. Kg2 Bh6 30. Qc2 Bg7 31. Ng5 Bc8 32. Qe2 Rcb6 33. Qc2 Rc6 34. Qe2 Rcb6 1/2-1/2

[Event "HUN-chT2 Toth 1819"]
[Site "Hungary"]
[Date "2019.02.10"]
[Round "7.8"]
[White "Abraham, Zoltan"]
[Black "Markus, Molli Amina"]
[Result "1/2-1/2"]
[WhiteElo "1870"]
[BlackElo "1614"]
[PlyCount "64"]
[EventDate "2018.09.23"]
[EventType "team-tourn"]
[EventRounds "11"]
[EventCountry "HUN"]
[SourceTitle "EXT 2021"]
[Source "ChessBase"]
[SourceDate "2020.10.23"]
[SourceVersion "1"]
[SourceVersionDate "2020.10.23"]
[SourceQuality "1"]
[WhiteTeam "Szentes Integral"]
[BlackTeam "Szeged Maroczy III"]
[WhiteTeamCountry "HUN"]
[BlackTeamCountry "HUN"]

1. Nf3 d5 2. d4 Nf6 3. Bg5 c5 4. c3 e6 5. e3 Nc6 6. Bd3 h6 7. Bf4 cxd4 8. exd4 Bd6 9. Ne5 Qc7 10. Qe2 0-0 11. Nd2 a6 12. Ndf3 b5 13. a3 Na5 14. Bg3 Nc4 15. 0-0 Bb7 16. Rac1 Qe7 17. Bb1 Bxe5 18. Nxe5 Rfc8 19. Bh4 Nd6 20. f3 Nde8 21. f4 Qd6 22. g4 Ne4 23. g5 Qf8 24. Rc2 g6 25. Nd7 Qd6 26. Ne5 h5 27. Be1 Ng7 28. Rf3 Rc7 29. Rc1 Rac8 30. Rd1 Ba8 31. Bd3 Qb6 32. Rh3 Rb8 1/2-1/2

[Event "HUN-chT2 Toth 1819"]
[Site "Hungary"]
[Date "2019.01.27"]
[Round "6.11"]
[White "Rakovics, Janos"]
[Black "Markus, Molli Amina"]
[Result "1/2-1/2"]
[WhiteElo "1597"]
[BlackElo "1614"]
[PlyCount "77"]
[EventDate "2018.09.23"]
[EventType "team-tourn"]
[EventRounds "11"]
[EventCountry "HUN"]
[SourceTitle "EXT 2021"]
[Source "ChessBase"]
[SourceDate "2020.10.23"]
[SourceVersion "1"]
[SourceVersionDate "2020.10.23"]
[SourceQuality "1"]
[WhiteTeam "Bekes"]
[BlackTeam "Szeged Maroczy III"]
[WhiteTeamCountry "HUN"]
[BlackTeamCountry "HUN"]

1. d4 d5 2. Nf3 Nf6 3. Bf4 c5 4. e3 Nc6 5. c4 e6 6. Nc3 a6 7. h3 Bd6 8. Bxd6 Qxd6 9. dxc5 Qxc5 10. cxd5 exd5 11. a3 0-0 12. Bd3 Kh8 13. 0-0 d4 14. exd4 Nxd4 15. Nxd4 Qxd4 16. Bc2 Qxd1 17. Raxd1 Be6 18. Rd2 Rac8 19. Rfd1 Rfe8 20. Re2 Kg8 21. Ne4 Nxe4 22. Bxe4 Bc4 23. Re3 b6 24. Rd6 Rb8 25. f3 f5 26. Bd5+ Bxd5 27. Rxe8+ Rxe8 28. Rxd5 Re1+ 29. Kf2 Rb1 30. Rd2 Rc1 31. Ke3 Rc6 32. b4 Rc3+ 33. Rd3 Rxd3+ 34. Kxd3 Kf7 35. Kd4 Ke6 36. a4 Kd6 37. f4 h5 38. h4 a5 39. bxa5 1/2-1/2

[Event "HUN-chT U18 2nd"]
[Site "Zalakaros"]
[Date "2018.07.27"]
[Round "4.27"]
[White "Szabo, Akos1111"]
[Black "Markus, Molli Amina"]
[Result "0-1"]
[WhiteElo "1322"]
[BlackElo "1566"]
[PlyCount "56"]
[EventDate "2018.07.26"]
[EventType "team-swiss"]
[EventRounds "7"]
[EventCountry "HUN"]
[SourceTitle "EXT 2019"]
[Source "ChessBase"]
[SourceDate "2018.10.10"]
[SourceVersion "1"]
[SourceVersionDate "2018.10.10"]
[SourceQuality "1"]

1. d4 d5 2. e3 Nf6 3. f4 e6 4. Nf3 c5 5. c3 Nc6 6. Bd3 b6 7. 0-0 Bd6 8. Nbd2 Bb7 9. Ne5 Rc8 10. Ndf3 h6 11. Bd2 Rc7 12. Rc1 Qc8 13. Rc2 Ba6 14. Be1 Bxd3 15. Nxd3 Ne4 16. Bh4 Ne7 17. Rc1 Nf5 18. Nf2 Nxe3 19. Qe2 Nxf1 20. Rxf1 Nxf2 21. Bxf2 Bxf4 22. g3 Bd6 23. Rd1 cxd4 24. Rxd4 Bc5 25. Rd2 Bxf2+ 26. Qxf2 Qa6 27. a3 Qb5 28. Nd4 Qc5 0-1

[Event "EU-chT U12 Girls"]
[Site "Bad Blankenburg"]
[Date "2018.07.18"]
[Round "10.2"]
[White "Peglau, Charis"]
[Black "Markus, Molli Amina"]
[Result "1/2-1/2"]
[WhiteElo "1396"]
[BlackElo "1566"]
[PlyCount "76"]
[EventDate "2018.07.12"]
[EventType "team-tourn"]
[EventRounds "10"]
[EventCountry "GER"]
[SourceTitle "EXT 2019"]
[Source "ChessBase"]
[SourceDate "2018.10.10"]
[SourceVersion "1"]
[SourceVersionDate "2018.10.10"]
[SourceQuality "1"]
[WhiteTeam "Germany U12 Girls II"]
[BlackTeam "Hungary U12 Girls"]
[WhiteTeamCountry "GER"]
[BlackTeamCountry "HUN"]

1. e4 e6 2. d4 d5 3. exd5 exd5 4. Bd3 Bd6 5. Ne2 Nf6 6. 0-0 0-0 7. h3 h6 8. Bf4 Bxf4 9. Nxf4 Qd6 10. Qd2 Nc6 11. c3 Re8 12. Na3 a6 13. Nc2 Bd7 14. Rfe1 Rxe1+ 15. Rxe1 Nd8 16. Nb4 Ne6 17. Nxe6 Bxe6 18. Bc2 a5 19. Nd3 Ne4 20. Qf4 Rd8 21. Qxd6 Rxd6 22. Nf4 Ng5 23. Bb3 c6 24. Bc2 Bd7 25. Kf1 Kf8 26. h4 Ne6 27. Nxe6+ Rxe6 28. Rxe6 Bxe6 29. Ke2 Ke7 30. Kf3 Kd6 31. Kf4 Ke7 32. f3 Kf6 33. g4 g5+ 34. hxg5+ hxg5+ 35. Kg3 Ke7 36. Bd3 Kf6 37. Bc2 Ke7 38. Bd3 Kf6 1/2-1/2

[Event "EU-ch U10 Girls 27th"]
[Site "Mamaia"]
[Date "2017.09.07"]
[Round "3"]
[White "Markus, Molli Amina"]
[Black "Ciocan, Ariana Roxana"]
[Result "1-0"]
[WhiteElo "1520"]
[BlackElo "1275"]
[PlyCount "117"]
[EventDate "2017.09.05"]
[EventType "swiss"]
[EventRounds "9"]
[EventCountry "ROU"]
[SourceTitle "CBM 180 Extra"]
[Source "ChessBase"]
[SourceDate "2017.10.06"]
[SourceVersion "1"]
[SourceVersionDate "2017.10.06"]
[SourceQuality "1"]

1. d4 d5 2. Nf3 Nf6 3. c4 e6 4. g3 Be7 5. Bg2 0-0 6. 0-0 b6 7. cxd5 exd5 8. Nc3 Bb7 9. Bf4 Na6 10. Rc1 c5 11. dxc5 Nxc5 12. Nb5 Ne6 13. Be5 Ne4 14. Bd4 a6 15. Nc3 b5 16. a3 Nxd4 17. Nxd4 Bf6 18. e3 Re8 19. Rc2 Qe7 20. Nce2 Rac8 21. Bh3 Rc4 22. b3 Rxc2 23. Nxc2 Bb2 24. b4 Bf6 25. Ncd4 Qc7 26. Qc1 Qc4 27. Qc2 Qxc2 28. Nxc2 Nd2 29. Rd1 Nc4 30. Ned4 g6 31. Rd3 h5 32. Nb3 Nb2 33. Rd2 Nc4 34. Re2 Be7 35. Re1 Bc8 36. Bg2 Be6 37. Nbd4 Rc8 38. Rd1 Nb2 39. Rb1 Nc4 40. Nxe6 fxe6 41. Bh3 Kf7 42. Nd4 Nxa3 43. Bxe6+ Kf6 44. Bxc8 Nxb1 45. Bxa6 Bxb4 46. Bxb5 Ke5 47. Bd3 Nd2 48. Nc6+ Kf6 49. Nxb4 Nf3+ 50. Kg2 Ne1+ 51. Kf1 Nxd3 52. Nxd3 Kf5 53. f3 Kf6 54. Nf4 Kf5 55. Nxd5 Ke5 56. Nf4 Kf6 57. Ke2 g5 58. Nxh5+ Kg6 59. g4 1-0

[Event "EU-ch U10 Girls 27th"]
[Site "Mamaia"]
[Date "2017.09.06"]
[Round "2"]
[White "Stoenescu, Ioana Teodora"]
[Black "Markus, Molli Amina"]
[Result "0-1"]
[WhiteElo "1094"]
[BlackElo "1520"]
[PlyCount "70"]
[EventDate "2017.09.05"]
[EventType "swiss"]
[EventRounds "9"]
[EventCountry "ROU"]
[SourceTitle "CBM 180 Extra"]
[Source "ChessBase"]
[SourceDate "2017.10.06"]
[SourceVersion "1"]
[SourceVersionDate "2017.10.06"]
[SourceQuality "1"]

1. c4 e5 2. Nc3 Nc6 3. g3 Bc5 4. Bg2 Nge7 5. Rb1 a6 6. a3 a5 7. e3 0-0 8. Nge2 f5 9. 0-0 Ng6 10. d4 exd4 11. exd4 Be7 12. Re1 d6 13. Nf4 Nxf4 14. Bxf4 Bf6 15. Nb5 Bd7 16. b4 axb4 17. axb4 Rb8 18. c5 Bg5 19. Bxg5 Qxg5 20. cxd6 cxd6 21. Nxd6 Qf6 22. Nb5 f4 23. Rf1 f3 24. Bh1 h5 25. d5 Ne5 26. Nd4 h4 27. Rc1 g5 28. Rc7 Bg4 29. Qc2 Bd7 30. Re1 Rf7 31. Rc3 g4 32. Qe4 Re8 33. Qc2 hxg3 34. hxg3 Qh6 35. Qc1 Qh5 0-1

[Event "EU-ch U10 Girls 26th"]
[Site "Prague"]
[Date "2016.08.21"]
[Round "4"]
[White "Markus, Molli Amina"]
[Black "Bashylina, Luisa"]
[Result "1/2-1/2"]
[WhiteElo "1324"]
[BlackElo "1664"]
[PlyCount "55"]
[EventDate "2016.08.18"]
[EventType "swiss"]
[EventRounds "9"]
[EventCountry "CZE"]
[SourceTitle "CBM 174 Extra"]
[Source "ChessBase"]
[SourceDate "2016.10.10"]
[SourceVersion "1"]
[SourceVersionDate "2016.10.10"]
[SourceQuality "1"]

1. c4 e5 2. Nc3 Nc6 3. Nf3 f5 4. d3 Nf6 5. a3 g6 6. Bg5 Bg7 7. Nd5 0-0 8. Nxf6+ Bxf6 9. Bxf6 Qxf6 10. e3 e4 11. dxe4 fxe4 12. Qd5+ Kh8 13. Qxe4 Qxb2 14. Qb1 Qc3+ 15. Nd2 d6 16. Qc1 Qa5 17. Qb2+ Kg8 18. Qb3 Qe5 19. Rc1 Qf5 20. Nf3 Na5 21. Qb5 a6 22. Qb2 b6 23. Qa2 Bb7 24. Be2 Rae8 25. 0-0 Nc6 26. c5+ Kh8 27. Qb2+ Qf6 28. Qxf6+ 1/2-1/2